00441 2200169 4500001002100000005001500021035002000036245004400056100001300100250001700113300003300130260003600163082001300199084001900212020002200231650001800253INLIS00000000000070520240929081805 a0010-09240000241 aAyam Hutan Berkokok Kembali /cAriswara0 aAriswara acetakan ke-1 aiii, 66 hlm :bIlus ;c21 cm aYogyakarta :bCV. Deriko,c2007 a398.2093 a398.2093 ARI a a978-979-1423-11-3 4aCerita rakyat